<?xml version="1.0" encoding="UTF-8"?><?xml-stylesheet type="text/xsl" href="static/style.xsl"?><OAI-PMH xmlns="http://www.openarchives.org/OAI/2.0/" xmlns:xsi="http://www.w3.org/2001/XMLSchema-instance" xsi:schemaLocation="http://www.openarchives.org/OAI/2.0/ http://www.openarchives.org/OAI/2.0/OAI-PMH.xsd"><responseDate>2026-04-17T04:10:39Z</responseDate><request verb="GetRecord" identifier="oai:www.recercat.cat:10230/49258" metadataPrefix="marc">https://recercat.cat/oai/request</request><GetRecord><record><header><identifier>oai:recercat.cat:10230/49258</identifier><datestamp>2025-12-21T20:46:57Z</datestamp><setSpec>com_2072_6</setSpec><setSpec>col_2072_452954</setSpec></header><metadata><record xmlns="http://www.loc.gov/MARC21/slim" xmlns:dcterms="http://purl.org/dc/terms/" xmlns:xsi="http://www.w3.org/2001/XMLSchema-instance" xmlns:doc="http://www.lyncode.com/xoai" xsi:schemaLocation="http://www.loc.gov/MARC21/slim http://www.loc.gov/standards/marcxml/schema/MARC21slim.xsd">
   <leader>00925njm 22002777a 4500</leader>
   <datafield ind2=" " ind1=" " tag="042">
      <subfield code="a">dc</subfield>
   </datafield>
   <datafield ind2=" " ind1=" " tag="720">
      <subfield code="a">Pattarone, Natalia Karina</subfield>
      <subfield code="e">author</subfield>
   </datafield>
   <datafield ind2=" " ind1=" " tag="260">
      <subfield code="c">2021-12-20T11:47:03Z</subfield>
   </datafield>
   <datafield ind2=" " ind1=" " tag="260">
      <subfield code="c">2021-12-20T11:47:03Z</subfield>
   </datafield>
   <datafield ind2=" " ind1=" " tag="260">
      <subfield code="c">2021-07</subfield>
   </datafield>
   <datafield ind2=" " ind1=" " tag="520">
      <subfield code="a">Treball fi de màster de: Master in Intelligent Interactive Systems</subfield>
   </datafield>
   <datafield ind2=" " ind1=" " tag="520">
      <subfield code="a">Tutor: Gemma Piella</subfield>
   </datafield>
   <datafield ind2=" " ind1=" " tag="520">
      <subfield code="a">Alzheimer’s disease (AD) is clinically highly heterogeneous, varying in terms of&#xd;
rates of progression, test and cognitive symptoms among patients, as well as from&#xd;
a neuroimaging perspective. In the datasets provided by The Alzheimer’s Disease&#xd;
Neuroimaging Initiative (ADNI), researchers collect, validate and utilize data, including&#xd;
MRI and PET images, genetics, cognitive tests, CSF and blood biomarkers&#xd;
as predictors of the disease. Data coming from these datasets allow discovering&#xd;
phenotypes that could help to better understand the disease and provide targeted&#xd;
treatment.&#xd;
The objective of this thesis is to identify data-driven phenotypes using manifold&#xd;
learning and unsupervised clustering on multimodal longitudinal imaging and nonimaging&#xd;
data. First, we apply a novel approach for dimensionality reduction called&#xd;
PHATE that captures both local and global nonlinear structure using an informationgeometric&#xd;
distance between datapoints that would facilitate the discovery of possible&#xd;
AD phenotypes. Over PHATE output space, we performed a multiple-kernel unsupervised&#xd;
clustering to obtain profiles and describe AD phenotypes where features are&#xd;
weighted to construct kernels. Our results show that our approach can reveal AD&#xd;
progression trajectories in a lower dimensionality space, improving the results of the&#xd;
profiling where we obtained 4 possible profile subgroups using MRI cross-sectional&#xd;
baseline data and 8 possible profile subgroups when using longitudinal data. Furthermore,&#xd;
longitudinal data established clearer separation among profiles and higher&#xd;
significance for cognitive tests and general volumetric cerebral values than baseline&#xd;
data. Identifying these profiles could be useful for more personalized treatment of&#xd;
such a heterogeneous disease as AD.</subfield>
   </datafield>
   <datafield tag="653" ind2=" " ind1=" ">
      <subfield code="a">MRI</subfield>
   </datafield>
   <datafield tag="653" ind2=" " ind1=" ">
      <subfield code="a">Imaging Techniques</subfield>
   </datafield>
   <datafield tag="653" ind2=" " ind1=" ">
      <subfield code="a">Alzheimer</subfield>
   </datafield>
   <datafield tag="653" ind2=" " ind1=" ">
      <subfield code="a">Manifolds</subfield>
   </datafield>
   <datafield tag="653" ind2=" " ind1=" ">
      <subfield code="a">Longitudinal Data</subfield>
   </datafield>
   <datafield tag="653" ind2=" " ind1=" ">
      <subfield code="a">Cross-sectional Data</subfield>
   </datafield>
   <datafield ind2="0" ind1="0" tag="245">
      <subfield code="a">Understanding Alzheimer’s disease progression through phenotypes discovery using manifold learning techniques</subfield>
   </datafield>
</record></metadata></record></GetRecord></OAI-PMH>